Tổ chức và hoạt động của nghị viện ở một số nước trên thế giới
Bewaard in:
| Hoofdauteur: | |
|---|---|
| Formaat: | Boek |
| Taal: | Undetermined |
| Gepubliceerd in: |
Hà Nội
Chính Trị Quốc Gia
2001
|
| Onderwerpen: | |
| Tags: |
Voeg label toe
Geen labels, Wees de eerste die dit record labelt!
|
| Thư viện lưu trữ: | Trung tâm Học liệu Trường Đại học Cần Thơ |
|---|
| LEADER | 00562nam a2200169Ia 4500 | ||
|---|---|---|---|
| 001 | CTU_44274 | ||
| 008 | 210402s9999 xx 000 0 und d | ||
| 082 | |a 352.239 | ||
| 082 | |b A107 | ||
| 100 | |a Vũ Hồng Anh | ||
| 245 | 0 | |a Tổ chức và hoạt động của nghị viện ở một số nước trên thế giới | |
| 245 | 0 | |c Vũ Hồng Anh | |
| 260 | |a Hà Nội | ||
| 260 | |b Chính Trị Quốc Gia | ||
| 260 | |c 2001 | ||
| 650 | |a deputy chief executives | ||
| 980 | |a Trung tâm Học liệu Trường Đại học Cần Thơ | ||